000 00876nam a22001697a 4500
999 _c63462
_d63462
003 Ge_BSU
005 20251015143031.0
008 251015s1967 ge ||||| |||| 00| 0 geo d
041 _ageo
080 _a338.45(479.22) ბ-32
100 _aბაქრაძე, გიორგი
_926028
245 _aსაქართველოს მრეწველობის განვითარების ზოგიერთი საკითხი სოციალიზმიდან კომუნიზმზე გადასვლის პერიოდში /
_c გიორგი ბაქრაძე.
264 _aთბილისი :
_bსაბჭ. საქართველო,
_c1967.
300 _a188 გვ. ;
_b20 სმ.
653 _aსაქართველოს მრეწველობა.
942 _2udc
_cᲬᲘᲒᲜᲘ